[Event "SUI-chT"]
[Site "Switzerland"]
[Date "2025.03.16"]
[Round "1.3"]
[White "Jenni, Florian"]
[Black "Burri, Quentin"]
[Result "1-0"]
[WhiteElo "2467"]
[BlackElo "2416"]
[PlyCount "63"]
[EventDate "2025.03.16"]
[EventType "team-tourn"]
[EventRounds "9"]
[EventCountry "SUI"]
[SourceTitle "CB14_2025"]
[SourceDate "2024.11.01"]
[SourceVersion "1"]
[SourceVersionDate "2024.11.01"]
[SourceQuality "1"]
[WhiteTeam "Winterthur"]
[BlackTeam "Geneve"]
[WhiteTeamCountry "SUI"]
[BlackTeamCountry "SUI"]

1. e4 c5 2. c3 d5 3. exd5 Qxd5 4. d4 Nc6 5. Be3 cxd4 6. cxd4 e5 7. Nc3 Bb4 8. Nf3 exd4 9. Nxd4 Nge7 10. Ndb5 0-0 11. Nc7 Qxd1+ 12. Rxd1 Rb8 13. Be2 Bf5 14. 0-0 Rbd8 15. N7d5 Nxd5 16. Nxd5 Ba5 17. b4 Be6 18. bxa5 Rxd5 19. Rxd5 Bxd5 20. a6 bxa6 21. a3 a5 22. Rd1 Bb3 23. Rd7 h6 24. Rc7 Bd5 25. h3 Rb8 26. a4 Nb4 27. Rxa7 Ra8 28. Rc7 Bc6 29. Bc4 Bxa4 30. Rxf7 Bb5 31. Ra7+ Bxc4 32. Rxa8+ 1-0

[Event "Avoine op 37th"]
[Site "Avoine"]
[Date "2023.07.27"]
[Round "6"]
[White "Debray, Christopher"]
[Black "Burri, Quentin"]
[Result "1/2-1/2"]
[WhiteElo "2322"]
[BlackElo "2400"]
[PlyCount "38"]
[EventDate "2023.07.22"]
[EventType "swiss"]
[EventRounds "9"]
[EventCountry "FRA"]
[SourceTitle "CBM 215 Extra"]
[Source "ChessBase"]
[SourceDate "2023.09.30"]
[SourceVersion "1"]
[SourceVersionDate "2023.09.30"]
[SourceQuality "1"]

1. d4 d5 2. Nf3 Nf6 3. Bf4 e6 4. e3 Bd6 5. Bg3 0-0 6. Nbd2 c5 7. c3 Qc7 8. dxc5 Qxc5 9. c4 dxc4 10. Bxc4 Rd8 11. Rc1 Qb6 12. Bxd6 Qxd6 13. 0-0 Nc6 14. Bb5 Bd7 15. a3 Ne5 16. Bxd7 Rxd7 17. Nxe5 Qxe5 18. Qc2 Rad8 19. Nf3 Qe4 1/2-1/2

[Event "SUI-chT"]
[Site "Switzerland"]
[Date "2022.11.12"]
[Round "8.6"]
[White "Burri, Quentin"]
[Black "Breder, Dennis"]
[Result "1/2-1/2"]
[WhiteElo "2401"]
[BlackElo "2470"]
[PlyCount "116"]
[EventDate "2022.05.01"]
[EventType "team-tourn"]
[EventRounds "9"]
[EventCountry "SUI"]
[SourceTitle "EXT 2024"]
[Source "ChessBase"]
[SourceDate "2023.10.10"]
[SourceVersion "1"]
[SourceVersionDate "2023.10.10"]
[SourceQuality "1"]
[WhiteTeam "Geneve"]
[BlackTeam "Riehen"]
[WhiteTeamCountry "SUI"]
[BlackTeamCountry "SUI"]

1. e4 c5 2. Nf3 Nc6 3. Nc3 g6 4. d4 cxd4 5. Nxd4 Bg7 6. Be3 Nf6 7. Bc4 0-0 8. Bb3 Re8 9. Nxc6 dxc6 10. Qxd8 Rxd8 11. f3 b5 12. Kf2 a5 13. a4 b4 14. Ne2 Nd7 15. Rab1 Ba6 16. Rhd1 c5 17. Rd2 c4 18. Ba2 Ne5 19. Rbd1 Rxd2 20. Rxd2 b3 21. Bb1 bxc2 22. Bxc2 Rb8 23. Bd4 Nd3+ 24. Bxd3 cxd3 25. Bxg7 Kxg7 26. Nc1 Rb4 27. b3 e6 28. Nxd3 Rxb3 29. Nc5 Rb6 30. Nxa6 Rxa6 31. Rb2 Kf6 32. Rb5 g5 33. Kg3 Kg6 34. h4 h6 35. hxg5 hxg5 36. Kg4 f6 37. g3 Ra7 38. f4 gxf4 39. gxf4 Ra6 40. Rc5 Ra7 41. Rc6 Kf7 42. f5 Re7 43. Rc5 Ra7 44. Rb5 exf5+ 45. Kxf5 Ra6 46. Rb7+ Ke8 47. Rh7 Kf8 48. Rh6 Kg7 49. Rg6+ Kf7 50. e5 Rc6 51. Rxf6+ Rxf6+ 52. exf6 Kf8 53. Ke6 Ke8 54. Kd6 Kf7 55. Kc6 Kxf6 56. Kb6 Ke7 57. Kxa5 Kd7 58. Kb6 Kc8 1/2-1/2

[Event "Avoine op 36th"]
[Site "Avoine"]
[Date "2022.07.26"]
[Round "4"]
[White "Burri, Quentin"]
[Black "Devallee, Jeremie"]
[Result "1-0"]
[WhiteElo "2404"]
[BlackElo "2238"]
[PlyCount "65"]
[EventDate "2022.07.23"]
[EventType "swiss"]
[EventRounds "9"]
[EventCountry "FRA"]
[SourceTitle "CBM 209 Extra"]
[Source "ChessBase"]
[SourceDate "2022.09.30"]
[SourceVersion "1"]
[SourceVersionDate "2022.09.30"]
[SourceQuality "1"]

1. e4 c5 2. Nf3 d6 3. Bb5+ Nd7 4. d4 cxd4 5. Qxd4 a6 6. Be2 Ngf6 7. 0-0 Qc7 8. c4 e5 9. Qe3 Be7 10. Nc3 0-0 11. Rd1 Rd8 12. b3 Qc5 13. Qd3 Qc6 14. Ba3 Nc5 15. Nxe5 Qc7 16. Qe3 Nxb3 17. axb3 dxe5 18. Bxe7 Qxe7 19. Rxd8+ Qxd8 20. Rd1 Bd7 21. Nd5 Nxd5 22. exd5 Qa5 23. h3 f6 24. Bf3 Rc8 25. d6 Qb4 26. Qe4 Bc6 27. Qf5 Rd8 28. Qe6+ Kh8 29. Bxc6 bxc6 30. d7 Qb8 31. c5 h6 32. Qxc6 Qxb3 33. Qd5 1-0

[Event "FRA-chT Top 16 Gp Haute"]
[Site "Chartres"]
[Date "2022.06.16"]
[Round "1.1"]
[White "Burri, Quentin"]
[Black "Rodshtein, Maxim"]
[Result "0-1"]
[WhiteElo "2402"]
[BlackElo "2585"]
[PlyCount "50"]
[EventDate "2022.06.16"]
[EventType "team-tourn"]
[EventRounds "4"]
[EventCountry "FRA"]
[SourceTitle "CBM 208 Extra"]
[Source "ChessBase"]
[SourceDate "2022.07.31"]
[SourceVersion "1"]
[SourceVersionDate "2022.07.31"]
[SourceQuality "1"]
[WhiteTeam "Mulhouse Philidor"]
[BlackTeam "Bischwiller"]
[WhiteTeamCountry "FRA"]
[BlackTeamCountry "FRA"]

1. d4 Nf6 2. c4 e6 3. Nc3 d5 4. cxd5 exd5 5. Bg5 Bb4 6. e3 h6 7. Bxf6 Qxf6 8. Qa4+ Nc6 9. Rc1 0-0 10. a3 Bxc3+ 11. Rxc3 Re8 12. Nf3 Bg4 13. Be2 Bxf3 14. gxf3 Re6 15. Qd1 Rae8 16. Bb5 Qh4 17. 0-0 Rg6+ 18. Kh1 Rg5 19. Rg1 Qxf2 20. Rxg5 hxg5 21. Qe2 Qxe2 22. Bxe2 Nxd4 23. exd4 Rxe2 24. Rxc7 Rxb2 25. Rc5 Rb3 0-1

[Event "FRA-chT Top 16 GpB"]
[Site "Chartres"]
[Date "2022.06.09"]
[Round "1.1"]
[White "Brailly Vignal, Bastien"]
[Black "Burri, Quentin"]
[Result "1/2-1/2"]
[WhiteElo "2361"]
[BlackElo "2402"]
[PlyCount "26"]
[EventDate "2022.06.09"]
[EventType "team-tourn"]
[EventRounds "7"]
[EventCountry "FRA"]
[SourceTitle "CBM 208 Extra"]
[Source "ChessBase"]
[SourceDate "2022.07.31"]
[SourceVersion "1"]
[SourceVersionDate "2022.07.31"]
[SourceQuality "1"]
[WhiteTeam "Lyon"]
[BlackTeam "Mulhouse Philidor"]
[WhiteTeamCountry "FRA"]
[BlackTeamCountry "FRA"]

1. d4 d5 2. c4 c6 3. Nc3 Nf6 4. cxd5 cxd5 5. Bg5 e6 6. Rc1 Be7 7. e3 0-0 8. Bd3 Nc6 9. Bb1 Bd7 10. Qd3 Nb4 11. Qd1 Nc6 12. Qd3 Nb4 13. Qd1 Nc6 1/2-1/2

[Event "Mulhouse GM"]
[Site "Mulhouse"]
[Date "2021.06.26"]
[Round "4"]
[White "Dann, Matthias"]
[Black "Burri, Quentin"]
[Result "1/2-1/2"]
[WhiteElo "2508"]
[BlackElo "2415"]
[PlyCount "40"]
[EventDate "2021.06.26"]
[EventType "tourn"]
[EventRounds "9"]
[EventCountry "FRA"]
[EventCategory "10"]
[SourceTitle "CBM 203 Extra"]
[Source "ChessBase"]
[SourceDate "2021.09.30"]
[SourceVersion "1"]
[SourceVersionDate "2021.09.30"]
[SourceQuality "1"]

1. e4 c5 2. Nf3 d6 3. d4 cxd4 4. Nxd4 Nf6 5. Nc3 Nc6 6. Bg5 e6 7. Qd3 Be7 8. 0-0-0 Nxd4 9. Qxd4 0-0 10. h4 h6 11. f4 hxg5 12. hxg5 Ng4 13. Be2 e5 14. Qg1 exf4 15. Bxg4 Bxg5 16. Bf3 Re8 17. Qh2 Bh6 18. Qg1 Bg5 19. Qh2 Bh6 20. Qg1 Bg5 1/2-1/2

[Event "Mulhouse GM"]
[Site "Mulhouse"]
[Date "2021.06.26"]
[Round "8"]
[White "Georgiev, Kiril"]
[Black "Burri, Quentin"]
[Result "1-0"]
[WhiteElo "2594"]
[BlackElo "2415"]
[PlyCount "51"]
[EventDate "2021.06.26"]
[EventType "tourn"]
[EventRounds "9"]
[EventCountry "FRA"]
[EventCategory "10"]
[SourceTitle "CBM 203 Extra"]
[Source "ChessBase"]
[SourceDate "2021.09.30"]
[SourceVersion "1"]
[SourceVersionDate "2021.09.30"]
[SourceQuality "1"]

1. c4 Nf6 2. Nc3 e5 3. Nf3 Nc6 4. e3 Bb4 5. Qc2 Bxc3 6. Qxc3 Qe7 7. d4 Ne4 8. Qd3 exd4 9. Nxd4 0-0 10. Be2 Qb4+ 11. Kf1 Qe7 12. f3 Nc5 13. Qc3 a5 14. Nf5 Qe5 15. Qxe5 Nxe5 16. Ne7+ Kh8 17. Nd5 Na6 18. c5 c6 19. Nb6 Ra7 20. e4 Nxc5 21. Be3 d6 22. Rd1 Ra6 23. Nxc8 Rxc8 24. Rxd6 Rb6 25. b3 Ned7 26. Kf2 1-0

[Event "Mulhouse GM"]
[Site "Mulhouse"]
[Date "2021.06.26"]
[Round "2"]
[White "Prusikin, Michael"]
[Black "Burri, Quentin"]
[Result "1-0"]
[WhiteElo "2547"]
[BlackElo "2415"]
[PlyCount "133"]
[EventDate "2021.06.26"]
[EventType "tourn"]
[EventRounds "9"]
[EventCountry "FRA"]
[EventCategory "10"]
[SourceTitle "CBM 203 Extra"]
[Source "ChessBase"]
[SourceDate "2021.09.30"]
[SourceVersion "1"]
[SourceVersionDate "2021.09.30"]
[SourceQuality "1"]

1. e4 c5 2. Nf3 d6 3. d4 cxd4 4. Nxd4 Nf6 5. Nc3 Nc6 6. Bg5 e6 7. Bb5 Bd7 8. Qd3 Be7 9. 0-0-0 h6 10. Bh4 0-0 11. Bxc6 bxc6 12. Nb3 d5 13. e5 Nh7 14. Bxe7 Qxe7 15. Qd4 f6 16. Rhe1 Ng5 17. f4 Nf7 18. Qc5 Rfe8 19. Qxe7 Rxe7 20. Na4 fxe5 21. fxe5 Rb8 22. Nac5 Nd8 23. Rd4 Be8 24. Kd2 Rb6 25. c3 Nb7 26. Rb4 Nxc5 27. Nxc5 Rb5 28. Rxb5 cxb5 29. Rf1 Bf7 30. Nb3 Rb7 31. a3 Rb6 32. Nd4 Kf8 33. Rf4 Ke7 34. Rg4 Kf8 35. Nb3 Bh5 36. Rg3 Rc6 37. Nd4 Rb6 38. Re3 Ke7 39. Rg3 Kf8 40. Re3 Ke7 41. g4 Be8 42. g5 hxg5 43. Rg3 Bd7 44. Rxg5 Kf7 45. h4 Rb8 46. h5 Rh8 47. Ke3 Rh7 48. Ne2 Rh8 49. Ng3 Rc8 50. Ne2 Rc4 51. Nd4 Rc8 52. Kf4 Rh8 53. Kg4 Rh6 54. Kh4 g6 55. Ne2 Rxh5+ 56. Rxh5 gxh5 57. Kxh5 Kg7 58. Kg5 a6 59. Nf4 Bc8 60. Nh5+ Kf7 61. Kh6 Bb7 62. b4 Bc6 63. Nf4 Be8 64. Nh3 Ke7 65. Kg7 Bh5 66. Nf4 Bg4 67. Ng6+ 1-0

[Event "FIDE World Uni Rapid-C 1st"]
[Site "Tornelo INT"]
[Date "2021.03.21"]
[Round "12"]
[White "Koster, Chiel"]
[Black "Burri, Quentin"]
[Result "0-1"]
[WhiteElo "1913"]
[BlackElo "2415"]
[PlyCount "50"]
[EventDate "2021.03.20"]
[EventType "swiss (rapid)"]
[EventRounds "12"]
[EventCountry "NET"]
[SourceTitle "CBM 201 Extra"]
[Source "ChessBase"]
[SourceDate "2021.05.31"]
[SourceVersion "1"]
[SourceVersionDate "2021.05.31"]
[SourceQuality "1"]

1. e4 c5 2. Nf3 d6 3. d4 cxd4 4. Nxd4 Nf6 5. Nc3 a6 6. h3 e5 7. Nde2 b5 8. g4 b4 9. Nd5 Nxd5 10. Qxd5 Ra7 11. Be3 Be6 12. Qd2 Rd7 13. Bg2 d5 14. exd5 Bxd5 15. Bxd5 Rxd5 16. Qc1 Nc6 17. c3 Be7 18. 0-0 h5 19. cxb4 Qd7 20. Rd1 hxg4 21. Rxd5 Qxd5 22. Qd1 Qe6 23. Rc1 gxh3 24. Qa4 h2+ 25. Kg2 Qh3+ 0-1

[Event "FIDE World Uni Rapid-C 1st"]
[Site "Tornelo INT"]
[Date "2021.03.20"]
[Round "6"]
[White "Blakeman, Cole"]
[Black "Burri, Quentin"]
[Result "1/2-1/2"]
[WhiteElo "1745"]
[BlackElo "2415"]
[PlyCount "117"]
[EventDate "2021.03.20"]
[EventType "swiss (rapid)"]
[EventRounds "12"]
[EventCountry "NET"]
[SourceTitle "CBM 201 Extra"]
[Source "ChessBase"]
[SourceDate "2021.05.31"]
[SourceVersion "1"]
[SourceVersionDate "2021.05.31"]
[SourceQuality "1"]

1. Nf3 b6 2. c4 Bb7 3. d4 g6 4. Nc3 Bg7 5. e4 e6 6. Bd3 Ne7 7. Bg5 h6 8. Be3 a6 9. Qd2 d6 10. 0-0-0 Nd7 11. h4 c5 12. d5 b5 13. dxe6 fxe6 14. cxb5 Qa5 15. a3 Kf7 16. Bc4 Bxc3 17. Qxc3 axb5 18. Qxa5 Rxa5 19. Rxd6 bxc4 20. Rxd7 Bxe4 21. Ne5+ Kf6 22. Nxc4 Raa8 23. Bxc5 Nf5 24. f3 Rhc8 25. b4 Bd5 26. Nb6 Rxa3 27. Nxc8 Ra1+ 28. Kd2 Rxh1 29. g4 Nxh4 30. Be7+ Ke5 31. Bd6+ Kd4 32. Bc5+ Kc4 33. Nb6+ Kb3 34. Nxd5 exd5 35. Rxd5 Nxf3+ 36. Ke3 Ng5 37. Rd7 Re1+ 38. Kf2 Re6 39. Rc7 Ne4+ 40. Kf3 Ng5+ 41. Kf2 Rf6+ 42. Kg2 Ne6 43. Rc8 g5 44. Be7 Rf4 45. Kg3 Nd4 46. Rh8 Ne2+ 47. Kg2 Re4 48. Bc5 Re6 49. Kf3 Nf4 50. Rh7 Kc4 51. Rh8 Ng6 52. Rd8 Ne5+ 53. Kg3 Nc6 54. Rd6 Rxd6 55. Bxd6 Nxb4 56. Bf8 Nd3 57. Bxh6 Ne5 58. Bxg5 Nxg4 59. Kxg4 1/2-1/2

[Event "FIDE World Uni Blitz-A 1st"]
[Site "Tornelo INT"]
[Date "2021.03.13"]
[Round "5.8"]
[White "Burri, Quentin"]
[Black "Tsaknakis, Zisis"]
[Result "1-0"]
[WhiteElo "2415"]
[BlackElo "2236"]
[PlyCount "81"]
[EventDate "2021.03.13"]
[EventType "swiss (blitz)"]
[EventRounds "10"]
[EventCountry "NET"]
[SourceTitle "EXT 2022"]
[Source "ChessBase"]
[SourceDate "2021.10.06"]
[SourceVersion "1"]
[SourceVersionDate "2021.10.06"]
[SourceQuality "1"]

1. d4 Nf6 2. c4 e6 3. Nc3 Bb4 4. Bd2 0-0 5. Nf3 d6 6. e3 Bxc3 7. Bxc3 Ne4 8. Rc1 Nxc3 9. Rxc3 a5 10. Bd3 Qe7 11. 0-0 e5 12. Qb1 f5 13. e4 f4 14. Qc1 Bg4 15. Be2 Bxf3 16. Rxf3 Nc6 17. d5 Nd4 18. Bd1 Nxf3+ 19. Bxf3 Qg5 20. Qd1 g6 21. Bg4 h5 22. Be6+ Kg7 23. f3 b6 24. Qa4 Rae8 25. a3 Rxe6 26. dxe6 Qe7 27. Qc6 Kf6 28. b4 axb4 29. axb4 Kxe6 30. Ra1 Qd7 31. Qd5+ Ke7 32. Ra7 Rf7 33. h3 Kf6 34. b5 Qe6 35. Qc6 Qd7 36. Qa8 Qe6 37. Qh8+ Kg5 38. Kh2 Qxc4 39. Qd8+ Kh6 40. Ra8 Qe6 41. h4 1-0